DC Cinematic Universe Actors - Statistics

General Stats
  • This quiz has been taken 75 times
    36 since last reset
  • The average score is 21 of 70
Answer Stats
Character Film(s) Answer % Correct
Batman/Bruce Wayne Batman v. Superman, Suicide Squad (2016), Justice League Ben Affleck
96%
Wonder Woman/Diana Prince Batman v. Superman, Wonder Woman, Justice League, Wonder Woman 1984 Gal Gadot
86%
Superman/Kal-El/Clark Kent Man of Steel, Batman v. Superman, Justice League, Shazam! Henry Cavill
86%
Harley Quinn Suicide Squad (2016), Birds of Prey, The Suicide Squad (2021) Margot Robbie
86%
Aquaman/Arthur Curry Batman v. Superman, Justice League, Aquaman Jason Momoa
82%
Lois Lane Man of Steel, Batman v. Superman, Justice League Amy Adams
71%
Deadshot Suicide Squad (2016) Will Smith
68%
The Joker Suicide Squad (2016), Justice League (Snyder Cut) Jared Leto
64%
Judomaster Peacemaker Nhut Le
61%
Steve Trevor Wonder Woman, Wonder Woman 1984 Chris Pine
57%
The Flash/Barry Allen Batman v. Superman, Justice League Ezra Miller
57%
Lex Luthor Batman v. Superman, Justice League Jesse Eisenberg
57%
Shazam Shazam! Zachary Levi
57%
Peacemaker/Christopher Smith The Suicide Squad (2021), Peacemaker John Cena
50%
Bloodsport The Suicide Squad (2021) Idris Elba
46%
King Shark/Nanaue The Suicide Squad (2021) Sylvester Stallone
46%
Nuidis Vulko Justice League, Aquaman Willem Dafoe
43%
Mera Justice League, Aquaman Amber Heard
39%
Jonathan Kent Man of Steel, Batman v. Superman Kevin Costner
39%
Amanda Waller Suicide Squad (2016), The Suicide Squad (2021), Peacemaker Viola Davis
39%
Alfred Pennyworth Batman v. Superman, Justice League Jeremy Irons
36%
Atlanna Aquaman Nicole Kidman
36%
Jor-El Man of Steel Russel Crowe
36%
Commissioner Jim Gordon Justice League J.K. Simmons
32%
General Zod Man of Steel, Batman v. Superman Michael Shannon
32%
King Nereus Aquaman Dolph Lundgren
29%
Perry White Man of Steel, Batman v. Superman Laurence Fishburne
29%
Maxwell Lord Wonder Woman 1984 Pedro Pascal
29%
Cyborg/Victor Stone Batman v. Superman, Justice League Ray Fisher
29%
Polka-Dot Man The Suicide Squad (2021) David Dastmalchian
25%
Elder Wizard Shazam! Djimon Hounsou
25%
Black Mask/Roman Sionis Birds of Prey Ewan McGregor
25%
Barbara Minerva/ Cheetah Wonder Woman 1984 Kristen Wiig
25%
Savant The Suicide Squad (2021) Michael Rooker
25%
Billy Batson Shazam! Asher Angel
21%
Steppenwolf (voice) Justice League Ciaran Hinds
21%
Ares/Sir Patrick Morgan Wonder Woman, Justice League David Thewlis
21%
Doctor Sivana Shazam! Mark Strong
21%
Ocean Master/King Orm Aquaman Patrick Wilson
21%
Thinker The Suicide Squad (2021) Peter Capaldi
21%
White Dragon/Auggie Smith Peacemaker Robert Patrick
21%
Antiope Wonder Woman, Justice League, Wonder Woman 1984 Robin Wright
21%
Javelin The Suicide Squad (2021) Flula Borg
18%
Senator Finch Batman v. Superman Holly Hunter
18%
Freddy Freeman Shazam! Jack Dylan Grazer
18%
Blackguard The Suicide Squad (2021) Pete Davidson
18%
Black Manta Aquaman Yahya Abdul-Mateen II
18%
Enchantress Suicide Squad (2016) Cara Delevingne
14%
General Ludendorff Wonder Woman Danny Huston
14%
Martha Kent Man of Steel, Batman v. Superman, Justice League Diane Lane
14%
Captain Boomerang Suicide Squad (2016), The Suicide Squad (2021) Jai Courtney
14%
Rick Flag Suicide Squad (2016), The Suicide Squad (2021) Joel Kinnamen
14%
Huntress Birds of Prey Mary Elizabeth Winstead
14%
T.D.K. The Suicide Squad (2021) Nathan Fillion
14%
Killer Croc Suicide Squad (2016) Adewale Akinnuoye-Agbaje
11%
Ratcatcher 2 The Suicide Squad (2021) Daniela Melchior
11%
Katana Suicide Squad (2016) Karen Fukuhara
11%
Victor Zsasz Birds of Prey Chris Messina
7%
Clemson Murn Peacemaker Chukwudi Iwuji
7%
Queen Hippolyta Wonder Woman, Justice League, Wonder Woman 1984 Connie Nielson
7%
General Swanwick/Martian Manhunter Man of Steel, Batman v. Superman, Justice League Harry Lennix
7%
El Diablo Suicide Squad (2016) Jay Hernandez
7%
Emilia Harcourt The Suicide Squad (2021), Peacemaker Jennifer Holland
7%
Silas Stone Batman v. Superman, Justice League Joe Morton
7%
Black Canary Birds of Prey Jurnee Smollett
7%
Renee Montoya Birds of Prey Rosie Perez
7%
John Economos The Suicide Squad (2021), Peacemaker Steve Agee
7%
Leota Adebayo Peacemaker Danielle Brooks
4%
Vigilante/Adrian Chase Peacemaker Freddie Stroma
4%
Mongal The Suicide Squad (2021) Mayling Ng
4%
No matching quizzes found
Score Distribution
Percent of People with Each Score
Percentile by Number Answered
Your Score History
You have not taken this quiz since the last reset